• 首页
  • 本馆介绍
  • 公告通知
  • 最新文献
  • 馆藏检索
  • 电子资源
  • 读者导购
  • 参考咨询
  • 我的图书馆
  • 登录
  • 详细信息显示
  • 放入我的书架
  • 预约/预借图书
  • 作者相关作品
  • 分类相关作品
  • 丛书相关作品
  • 出版社相关作品

书目信息

  • 表格格式
  • 工作单格式
  • 卡片格式
题名:
中国近代教育史
    
 
作者: 陈景磐 编著
分册:  
出版信息: 北京   人民教育出版社  1983.6
页数: 313页
开本: 20cm
丛书名:
单 册:
中图分类: G529.5 , G40-09
科图分类:
主题词: 教育史--中国--近代 , 教育学
电子资源:
ISBN:
000 00760nam0 2200253 450
001 1561338827
005 20150127170500.56
010    @dCNY0.68@z7012061
100    @a19940509e19931983em y0chiy0110 ea
101 0  @achi
105    @ay z 000yy
200 1  @a中国近代教育史@9zhong guo jin dai jiao yu shi@f陈景磐编著
210    @a北京@c人民教育出版社@d1983.6@h1993.2重印
215    @a313页@d20cm
300    @a高等学校试用教材
314    @a陈景磐,北京师范大学教育系任教
330    @a本书分述义和团运动前和义和团运动后两个时期的教育。
606 0  @a教育史@y中国@z近代
606 0  @a教育学
690    @aG529.5@v三版
690    @aG40-09@v4
701  0 @a陈景磐@9chen jing pan@f(1904~1989)@4编著
801  0 @aCN@bTSSF@c20150127
905    @aZUCC@dG40-09@eJY42
    
    中国近代教育史/陈景磐编著.-北京:人民教育出版社,1983.6(1993.2重印)
    313页;20cm
    高等学校试用教材
    
    ISBN :CNY0.68
    本书分述义和团运动前和义和团运动后两个时期的教育。
●
相关链接 在E读中查询图书 在五车中查询图书 在当当中查询图书 在豆瓣中查询图书


正题名:中国近代教育史     索取号:G40-09/JY42         预约/预借

序号 登录号 条形码 馆藏地/架位号 状态 备注
1 7837575   278375759   学院路分馆/ [索取号:G40-09/JY42] 在馆    
2 7837576   278375768   学院路分馆/ [索取号:G40-09/JY42] 在馆    
3 7837577   278375777   学院路分馆/ [索取号:G40-09/JY42] 在馆    
4 7837578   278375786   学院路分馆/ [索取号:G40-09/JY42] 在馆    
唐山师范学院图书馆 欢迎您!
大连网信软件有限公司© 版权所有